[Event "CAN-ch U10"]
[Site "Windsor"]
[Date "2015.07.07"]
[Round "3.104"]
[White "Ren, Zixuan"]
[Black "Tanaka, Taira Tyler"]
[Result "0-1"]
[WhiteElo "401"]
[BlackElo "1294"]
[PlyCount "58"]
[EventDate "2015.07.06"]
[EventType "swiss"]
[EventRounds "7"]
[EventCountry "CAN"]
[SourceTitle "EXT 2022"]
[Source "ChessBase"]
[SourceDate "2021.10.06"]
[SourceVersion "1"]
[SourceVersionDate "2021.10.06"]
[SourceQuality "1"]

1. e4 c5 2. Qh5 d6 3. Bc4 e6 4. Nf3 Nf6 5. Qh4 Be7 6. e5 dxe5 7. Nxe5 Nfd7 8. Qe4 Qc7 9. Bb5 0-0 10. Bd3 f5 11. Qe3 Qxe5 12. Nc3 Qxe3+ 13. dxe3 g6 14. Bc4 Ne5 15. Be2 Nbc6 16. e4 Nd4 17. Bd1 b5 18. f4 Nec6 19. exf5 Rxf5 20. 0-0 Bb7 21. Bg4 Rf7 22. Ne4 Nd8 23. c3 Nc2 24. Rb1 Bxe4 25. Rf2 Ne3 26. Bxe3 Bxb1 27. f5 Bxf5 28. Bxf5 Rxf5 29. Rxf5 exf5 0-1